仏教十三宗クイズ - Statistics

General Stats
  • This quiz has been taken 3 times
  • The average score is 11 of 13
Answer Stats
開祖 本尊 主な本山 Answer % Correct
最澄 特に定めなし 延暦寺 天台宗
100%
空海 大日如来 金剛峯寺 真言宗
100%
法然 阿弥陀如来 知恩院 浄土宗
100%
親鸞 阿弥陀如来 西本願寺東本願寺 浄土真宗
100%
栄西 特に定めなし 妙心寺建長寺 臨済宗
100%
日蓮 釈迦牟尼仏大曼荼羅 久遠寺 日蓮宗
100%
一遍 阿弥陀如来 清浄光寺 時宗
100%
隠元 釈迦牟尼仏 萬福寺 黄檗宗
100%
道昭 弥勒菩薩薬師如来 興福寺薬師寺 法相宗
67%
良弁 毘盧遮那仏 東大寺 華厳宗
67%
道元 釈迦牟尼仏高祖道元禅師 太祖瑩山禅師 永平寺摠持寺 曹洞宗
67%
鑑真 特に定めなし 唐招提寺 律宗
33%
良忍 十一尊天得如来 大念仏寺 融通念仏宗
33%
No matching quizzes found
Score Distribution
Percent of People with Each Score
Percentile by Number Answered
Your Score History
You have not taken this quiz